[Event "only under 1800"]
[Site "SchemingMind.com"]
[Date "2018.01.15"]
[Round "-"]
[White "Phillip Beckett"]
[Black "Scooter"]
[Result "0-1"]
[WhiteCountry "ENG"]
[BlackCountry "USA"]
[WhiteElo "1564"]
[WhiteRD "49"]
[BlackElo "1671"]
[BlackRD "51"]
[GameID "423315"]

1. d4 Nf6 2. c4 g6 3. Nc3 Bg7 4. e4 d6 5. f3 O-O 6. Be3 e5 7. d5 b6 8. Qd2 Ba6 9. O-O-O Nbd7 10. Bh6 Nc5
11. Bxg7 Kxg7 12. h4 Nh5 13. Nh3 Ng3 14. Rg1 Nxf1 15. Rdxf1 Bxc4 16. Rd1 Qxh4 17. Ng5 h6 18. Nh3 Qf6 19. Nf2 Bxa2 20. Qe3 Bb3
21. Rd2 Qg5 22. Qxg5 hxg5 23. Nh3 f6 24. Nf2 a5 25. g4 a4 26. Nd3 Nxd3+ 27. Rxd3 a3 28. bxa3 Rxa3 29. Kb2 Bc4 30. Kxa3 Ra8+
31. Kb4 Bxd3 32. Rd1 Ba6 33. Ra1 Bb7 34. Rxa8 Bxa8 35. Nb5 c5+ 36. dxc6 Bxc6 37. Nxd6 Bd7 38. Nb7 Kf7 39. Kc4 Ke7 40. Kd5 b5
41. Nc5 Be8 42. Na6 Bf7+ 43. Kc5 Bc4 44. Nb4 Be2
0-1

[Event "only under 1800"]
[Site "SchemingMind.com"]
[Date "2018.01.15"]
[Round "-"]
[White "Scooter"]
[Black "Phillip Beckett"]
[Result "1-0"]
[WhiteCountry "USA"]
[BlackCountry "ENG"]
[WhiteElo "1671"]
[WhiteRD "51"]
[BlackElo "1564"]
[BlackRD "49"]
[GameID "423316"]

1. d4 d5 2. Nf3 Nf6 3. Bf4 e6 4. e3 c5 5. Bb5+ Bd7 6. Bxd7+ Nbxd7 7. c3 Qb6 8. Qb3 c4 9. Qxb6 Nxb6 10. O-O Na4
11. b3 Nb6 12. Nbd2 Be7 13. Bc7 cxb3 14. Bxb6 axb6 15. axb3 Kd7 16. Ne5+ Kd6 17. Nxf7+ Kd7 18. Nxh8 Rxh8 19. Ra7 Kc7 20. Rfa1 Rc8
21. b4 Nd7 22. Nb1 Bd6 23. Na3 Be7 24. Nc2 Nb8 25. b5 Nd7 26. Ra8 Rxa8 27. Rxa8 Nb8 28. Ne1 Bf6 29. Nd3 Kc8 30. Nf4 e5
31. Nh5 exd4 32. Nxf6 gxf6 33. cxd4
1-0

[Event "only under 1800"]
[Site "SchemingMind.com"]
[Date "2018.01.15"]
[Round "-"]
[White "Phillip Beckett"]
[Black "kenneth m day"]
[Result "1-0"]
[WhiteCountry "ENG"]
[BlackCountry "USA"]
[WhiteElo "1605"]
[WhiteRD "56"]
[BlackElo "1716"]
[BlackRD "59"]
[GameID "423317"]

1. d4 Nf6 2. c4 e6 3. Nc3 Bb4 4. a3 Bxc3+ 5. bxc3 c5 6. d5 exd5 7. cxd5 O-O 8. c4 d6 9. e3 Bf5 10. Bd3 Bg4
11. Be2 Bf5 12. Nf3 Nbd7 13. O-O Ne4 14. Bb2 Ndf6 15. Nd2 Re8 16. Nxe4 Nxe4 17. Bf3 Qg5 18. Bxe4 Rxe4 19. Rb1 Rxc4 20. Rc1 Rxc1
21. Bxc1 Be4 22. f3 Bxd5 23. e4
1-0

[Event "only under 1800"]
[Site "SchemingMind.com"]
[Date "2018.01.15"]
[Round "-"]
[White "kenneth m day"]
[Black "Phillip Beckett"]
[Result "1-0"]
[WhiteCountry "USA"]
[BlackCountry "ENG"]
[WhiteElo "1759"]
[WhiteRD "62"]
[BlackElo "1550"]
[BlackRD "52"]
[GameID "423318"]

1. e4 e5 2. f4 Qh4+ 3. g3 Qe7 4. d3 exf4 5. Bxf4 d5 6. Nc3 dxe4 7. dxe4 c6 8. Nf3 Bg4 9. Bg2 Nd7 10. O-O O-O-O
11. Qe2 Ngf6 12. Rfe1 Nh5 13. Be3 Ne5 14. Red1 Nxf3+ 15. Bxf3 Bxf3 16. Qxf3 Nf6 17. Rxd8+ Qxd8 18. Rd1 Qc7 19. Bf4 Qb6+ 20. Be3 Qc7
21. Bf4 Qb6+ 22. Be3 Qc7 23. Qf5+ Kb8 24. Bf4
1-0

[Event "only under 1800"]
[Site "SchemingMind.com"]
[Date "2018.01.15"]
[Round "-"]
[White "Wojtek26"]
[Black "Phillip Beckett"]
[Result "0-1"]
[WhiteCountry "POL"]
[BlackCountry "ENG"]
[WhiteElo "1457"]
[WhiteRD "52"]
[BlackElo "1564"]
[BlackRD "49"]
[GameID "423320"]

1. d4 d5 2. c4 e6 3. e3 Nf6 4. Nf3 Be7 5. Be2 dxc4 6. Bxc4 Nbd7 7. O-O O-O 8. Nbd2 c5 9. dxc5 Nxc5 10. Nb3 Nxb3
11. Bxb3 Bd7 12. Bd2 Bc6 13. Qe2 Qb6 14. Qe1 Bb5 15. Ba5 Qa6 16. Bc3 Bxf1 17. Qxf1 Qxf1+ 18. Rxf1 Rfd8 19. Ne5 Nd5 20. Bxd5 Rxd5
21. h3 Bf6 22. Ng4 Bxc3 23. bxc3 Rd2 24. Rb1 b6 25. a3 Rad8 26. Kh2 Ra2 27. Rb3 Rdd2 28. Kg3 h5 29. Ne5 Rxf2 30. Nf3 Rxg2+
31. Kh4 f6 32. Ne1 g5+ 33. Kxh5 Rh2 34. Kg4 Rae2 35. Nf3 Reg2+ 36. Kh5 Rxh3+
0-1

[Event "only under 1800"]
[Site "SchemingMind.com"]
[Date "2018.01.15"]
[Round "-"]
[White "Phillip Beckett"]
[Black "Omahony"]
[Result "1/2-1/2"]
[WhiteCountry "ENG"]
[BlackCountry "ENG"]
[WhiteElo "1643"]
[WhiteRD "55"]
[BlackElo "1797"]
[BlackRD "68"]
[GameID "423321"]

1. d4 d5 2. c4 Bf5 3. Nc3 e6 4. Nf3 c6 5. Bg5 Be7 6. Bxe7 Qxe7 7. e3 Nf6 8. Be2 h6 9. cxd5 exd5 10. O-O Nbd7
11. Bd3 Ne4 12. Qc2 Ndf6 13. Ne5 Qe6 14. f3 Nd6 15. f4 O-O 16. Bxf5 Nxf5 17. Rae1 Rfe8 18. e4 Nxd4 19. Qd3 c5 20. Nxd5 Nxd5
21. exd5 Qxd5 22. Nf3 Rad8 23. Nxd4 cxd4 24. b3 a6 25. Rd1 Qe4 26. Qxe4 Rxe4 27. g3 d3 28. Rf3 d2 29. Rf2 Re1+ 30. Rf1 Rxf1+
31. Kxf1 Kf8 32. Ke2 Ke7 33. Rxd2 Rd6 34. Rxd6 Kxd6 35. Kd3 Kd5 36. b4 f5 37. a4 b5 38. a5 h5 39. h3 h4 40. gxh4 g6
41. h5 gxh5 42. h4 Kc6 43. Ke3=
1/2-1/2

[Event "only under 1800"]
[Site "SchemingMind.com"]
[Date "2018.01.15"]
[Round "-"]
[White "Omahony"]
[Black "Phillip Beckett"]
[Result "1/2-1/2"]
[WhiteCountry "ENG"]
[BlackCountry "ENG"]
[WhiteElo "1797"]
[WhiteRD "68"]
[BlackElo "1643"]
[BlackRD "55"]
[GameID "423322"]

1. d4 d5 2. e3 e6 3. Bd3 c5 4. c3 Nc6 5. f4 Bd6 6. Nf3 Nf6 7. O-O O-O 8. Ne5 cxd4 9. exd4 Nd7 10. Be3 f6
11. Qh5 f5 12. Nd2 Nf6 13. Qh3 Ne4 14. Ndf3 Be7 15. Kh1 Qe8 16. Bf2 Bf6 17. Rad1 Nxe5 18. fxe5 Be7 19. Be3 h6 20. Nh4 Bxh4
21. Qxh4 Qg6 22. Rf3 Ng5 23. Rf2 Ne4 24. Rf3 Bd7 25. Rdf1 Kh7 26. Bxe4 dxe4 27. Rh3 Qg4 28. Qe7 Rad8 29. Rxh6+ Kg8 30. Rh3 Rfe8
31. Qg5 Qxg5 32. Bxg5 Rc8 33. Rf4 Kf7 34. g4 Rh8 35. Rxh8 Rxh8 36. gxf5 exf5 37. Rf2 g6 38. h4 Rc8 39. Kg2 Rc6 40. Kf1 Ra6
41. a3 Rb6 42. Ke1 Be6 43. Kd1 a5 44. Kc1=
1/2-1/2

[Event "only under 1800"]
[Site "SchemingMind.com"]
[Date "2018.01.19"]
[Round "-"]
[White "Phillip Beckett"]
[Black "TheHornedReaper "]
[Result "1-0"]
[WhiteCountry "ENG"]
[BlackCountry "ROU"]
[WhiteElo "1643"]
[WhiteRD "55"]
[BlackElo "1246"]
[BlackRD "49"]
[GameID "423323"]

1. d4 d5 2. c4 e6 3. Nc3 Nf6 4. Bg5 Be7 5. Nf3 O-O 6. e3 dxc4 7. Bxc4 a6 8. Qc2 b5 9. Bd3 g6 10. h4 Bb7
11. Bxf6 Bxf6 12. h5 Bg7 13. hxg6 fxg6 14. Bxg6 hxg6 15. Qxg6 Qf6 16. Qh7+
1-0

[Event "only under 1800"]
[Site "SchemingMind.com"]
[Date "2018.01.19"]
[Round "-"]
[White "TheHornedReaper "]
[Black "Phillip Beckett"]
[Result "0-1"]
[WhiteCountry "ROU"]
[BlackCountry "ENG"]
[WhiteElo "1246"]
[WhiteRD "49"]
[BlackElo "1643"]
[BlackRD "55"]
[GameID "423324"]

1. e4 e5 2. Nf3 Nc6 3. Bb5 a6 4. Ba4 Nf6 5. O-O Be7 6. Re1 b5 7. Bb3 O-O 8. c3 d5 9. exd5 Nxd5 10. Bxd5 Qxd5
11. d3 Bg4 12. Re4 Bf5 13. c4 Qd6 14. Re1 Bf6
0-1

[Event "only under 1800"]
[Site "SchemingMind.com"]
[Date "2018.01.28"]
[Round "-"]
[White "aliwood"]
[Black "Goz"]
[Result "0-1"]
[WhiteCountry "ENG"]
[BlackCountry "ENG"]
[WhiteElo "1325"]
[WhiteRD "61"]
[BlackElo "1580"]
[BlackRD "68"]
[GameID "423770"]

1. Nf3 d5 2. d4 Nc6 3. c4 e6 4. Nc3 Bb4 5. Bd2 Bxc3 6. bxc3 dxc4 7. e3 b5 8. Be2 Nge7 9. O-O O-O 10. Rb1 a6
11. Ne1 f5 12. Bf3 Rb8 13. Nc2 Bb7 14. Bc1 Nd5 15. Bb2 Nce7 16. Ba3 Nxc3 17. Qc1 Nxb1 18. Qxb1 Bxf3 19. gxf3 Rf6 20. Qc1 Nd5
21. Nb4 Rb6 22. e4 fxe4 23. fxe4 Nf4 24. Qc2 Rg6+ 25. Kh1 Qh4
0-1

[Event "only under 1800"]
[Site "SchemingMind.com"]
[Date "2018.01.28"]
[Round "-"]
[White "Goz"]
[Black "aliwood"]
[Result "1-0"]
[WhiteCountry "ENG"]
[BlackCountry "ENG"]
[WhiteElo "1580"]
[WhiteRD "68"]
[BlackElo "1325"]
[BlackRD "61"]
[GameID "423771"]

1. d4 d5 2. e3 Nf6 3. h3 c5 4. c3 e6 5. Bd3 Nc6 6. dxc5 Bxc5 7. Nf3 O-O 8. O-O e5 9. b4 Bd6 10. Bc2 b6
11. a4 Bb7 12. Nbd2 Re8 13. Nb3 Rc8 14. a5 bxa5 15. bxa5 a6 16. Qe2 Ne7 17. Bb2 Ng6 18. Rfc1 e4 19. Nfd4 Rc7 20. Bd1 Bc8
21. c4 dxc4 22. Rxc4 Ne7 23. Rac1 Ned5 24. Nc6 Qd7 25. Nbd4
1-0

[Event "only under 1800"]
[Site "SchemingMind.com"]
[Date "2018.01.24"]
[Round "-"]
[White "Phillip Beckett"]
[Black "Goz"]
[Result "0-1"]
[WhiteCountry "ENG"]
[BlackCountry "ENG"]
[WhiteElo "1550"]
[WhiteRD "52"]
[BlackElo "1490"]
[BlackRD "78"]
[GameID "423772"]

1. d4 d5 2. c4 e6 3. Nc3 Bb4 4. cxd5 Bxc3+ 5. bxc3 exd5 6. Nf3 Nc6 7. Bg5 f6 8. Bh4 Be6 9. e3 Qd7 10. Bg3 O-O-O
11. Bb5 Nge7 12. Qa4 a6 13. Bxa6 Nb8 14. Bb5 c6 15. Bd3 Nf5 16. c4 Nxg3 17. hxg3 Qc7 18. Ke2 Kd7 19. cxd5 Bxd5 20. Bf5+ Be6
21. Bxe6+ Kxe6 22. Qb3+ Ke7 23. Qb4+ Rd6 24. Nd2 Na6 25. Ne4 Nxb4 26. Nxd6 Qxd6 27. a3 Nd5
0-1

[Event "only under 1800"]
[Site "SchemingMind.com"]
[Date "2018.01.25"]
[Round "-"]
[White "Goz"]
[Black "Phillip Beckett"]
[Result "0-1"]
[WhiteCountry "ENG"]
[BlackCountry "ENG"]
[WhiteElo "1490"]
[WhiteRD "78"]
[BlackElo "1550"]
[BlackRD "52"]
[GameID "423773"]

1. d4 d5 2. e3 c5 3. c3 cxd4 4. cxd4 Nc6 5. Bb5 Nf6 6. Bxc6+ bxc6 7. Ne2 e6 8. a3 Bd6 9. O-O O-O 10. b4 Ba6
11. Nbc3 Qb6 12. Re1 Bc4 13. Bd2 a5 14. Na4 Qa6 15. Nc1 axb4 16. axb4 Bb5 17. Ne2 Bxa4 18. Rxa4 Qxa4 19. Qxa4 Rxa4 20. Rb1 Rb8
21. b5 cxb5 22. Nc3 Rb4 23. Rc1 Rb2 24. Be1 b4 25. Na4 Re2 26. Kf1 Ra2 27. Nc5 b3 28. Nxb3 Rxb3 29. Rc8+ Bf8 30. g3 Rb1
0-1

[Event "only under 1800"]
[Site "SchemingMind.com"]
[Date "2018.01.25"]
[Round "-"]
[White "Goz"]
[Black "Scooter"]
[Result "0-1"]
[WhiteCountry "ENG"]
[BlackCountry "USA"]
[WhiteElo "1510"]
[WhiteRD "71"]
[BlackElo "1679"]
[BlackRD "56"]
[GameID "423774"]

1. d4 d5 2. e3 Nf6 3. h3 g6 4. Nf3 Bg7 5. c3 O-O 6. Bd3 Nbd7 7. O-O Re8 8. b4 e5 9. dxe5 Nxe5 10. Nxe5 Rxe5
11. f4 Re8 12. Nd2 Ne4 13. Qc2 Nxc3 14. Bb2 Ne4 15. Bxg7 Nxd2 16. Qxd2 Kxg7 17. g4 Qe7 18. Rae1 Qh4 19. Qh2 b6 20. e4 dxe4
21. Bxe4 Rb8 22. Qb2+ Kg8 23. Qc3 Qd8 24. Kh2 Qh4 25. Qg3 Qxg3+ 26. Kxg3 Bd7 27. Rf3 Kg7 28. Rfe3 Re7 29. Bd3 Rxe3+ 30. Rxe3 Re8
31. Rxe8 Bxe8 32. f5 Bc6 33. h4 Kf6 34. Kf4 b5 35. g5+ Ke7 36. h5 Be8 37. hxg6 hxg6 38. f6+ Kd6 39. Be4 Bc6 40. Bxc6 Kxc6
41. Ke5 Kd7 42. Kd5 c6+ 43. Kc5 Kc7 44. a3 a6 45. Kd4 Kd6 46. Ke4 c5 47. bxc5+ Kxc5 48. Ke5 a5 49. Ke4 Kc4 50. Ke5 Kc5
51. Ke4 b4 52. axb4+ Kxb4 53. Kd5 a4 54. Kd6 a3 55. Ke7 a2 56. Kxf7 a1=Q 57. Kxg6 Qa6 58. Kg7 Qb7+ 59. f7 Kc5 60. g6 Kd6
61. Kg8 Qd5 62. Kf8 Qa8+ 63. Kg7 Ke7 64. Kh7 Kf8 65. Kh6 Qh1+ 66. Kg5 Kg7 67. Kf5 Qh5+
0-1

[Event "only under 1800"]
[Site "SchemingMind.com"]
[Date "2018.01.24"]
[Round "-"]
[White "Scooter"]
[Black "Goz"]
[Result "1-0"]
[WhiteCountry "USA"]
[BlackCountry "ENG"]
[WhiteElo "1679"]
[WhiteRD "56"]
[BlackElo "1510"]
[BlackRD "71"]
[GameID "423775"]

1. d4 d5 2. Nf3 Nc6 3. Bf4 e6 4. e3 Bd6 5. Bxd6 Qxd6 6. c3 Nf6 7. Bb5 Bd7 8. O-O Na5 9. Bxd7+ Nxd7 10. Nbd2 Nb6
11. Qc2 f6 12. e4 O-O-O 13. e5 fxe5 14. Nxe5 Qe7 15. Ndf3 Nac4 16. Rfe1 Nxe5 17. Nxe5 Nd7 18. Re2 Nxe5 19. Rxe5 h5 20. Rae1 Rh6
21. Qb3 Rd6 22. Rxd5 Rb6 23. Rb5 Qd6 24. Rxb6 Qxb6 25. Qxb6 axb6 26. Re5 Kd7 27. f4 g6 28. h4 c6 29. Kf2 Kd6 30. Kf3 Rh8
31. g4 b5 32. Rg5 Rg8 33. gxh5 Rf8 34. hxg6 Ke7 35. h5 Kf6 36. h6 Rh8 37. g7 Rxh6 38. g8=Q
1-0

[Event "only under 1800"]
[Site "SchemingMind.com"]
[Date "2018.01.24"]
[Round "-"]
[White "Goz"]
[Black "kenneth m day"]
[Result "0-1"]
[WhiteCountry "ENG"]
[BlackCountry "USA"]
[WhiteElo "1510"]
[WhiteRD "71"]
[BlackElo "1716"]
[BlackRD "59"]
[GameID "423776"]

1. d4 Nf6 2. c4 e6 3. c5 Nc6 4. e3 Be7 5. a3 d6 6. b4 dxc5 7. bxc5 O-O 8. Bd3 e5 9. dxe5 Nxe5 10. Bc2 Bxc5
11. Qxd8 Rxd8 12. Ne2 Be6 13. O-O Bc4 14. Re1 Bb6 15. Bb2 Ba5 16. Bc3 Bxc3 17. Nexc3 a6 18. a4 Rd7 19. Na3 Be6 20. Ne4 Nxe4
21. Bxe4 f5 22. Bxb7 Ra7 23. Rab1 c5 24. Bc8 Rd6 25. Bxe6+ Rxe6 26. Rb8+ Kf7 27. Rd1 Rc6 28. Rdd8 Rac7 29. Rf8+ Kg6 30. Rbd8 c4
31. Rd5 Nf7 32. Rd2 c3 33. Rc2 Rd7 34. Nb1 Rd1#
0-1

[Event "only under 1800"]
[Site "SchemingMind.com"]
[Date "2018.01.24"]
[Round "-"]
[White "kenneth m day"]
[Black "Goz"]
[Result "1/2-1/2"]
[WhiteCountry "USA"]
[BlackCountry "ENG"]
[WhiteElo "1717"]
[WhiteRD "58"]
[BlackElo "1580"]
[BlackRD "68"]
[GameID "423777"]

1. e4 c5 2. d4 cxd4 3. c3 dxc3 4. Nxc3 e6 5. Nf3 d6 6. Bc4 h6 7. O-O Nf6 8. Qe2 Bd7 9. Rd1 e5 10. h3 Be7
11. Be3 O-O 12. Rac1 Nc6 13. Nb5 a6 14. Nxd6 Bxd6 15. Rxd6 Nxe4 16. Rdd1 Qc7 17. Bd3 f5 18. Bc4+ Kh7 19. Bd5 Rfe8 20. Bd2 Qb6
21. Be3 Qa5 22. a3 Rac8 23. Bf7 Re7 24. Bd5 f4 25. Bxe4+ g6 26. Bd2 Qd8 27. Qd3 Rg7 28. Bc3 Qe8 29. Qd5 Be6 30. Qd3 Bb3
31. Rd2 Rcc7 32. Bxe5 Nxe5 33. Qf1 Rxc1 34. Qxc1 Nxf3+ 35. Bxf3 b5 36. Re2 Qb8 37. Qc3 Bc4 38. Re4 Rf7 39. Qd4 h5 40. Qe5=
1/2-1/2

[Event "only under 1800"]
[Site "SchemingMind.com"]
[Date "2018.01.25"]
[Round "-"]
[White "Goz"]
[Black "Wojtek26"]
[Result "1-0"]
[WhiteCountry "ENG"]
[BlackCountry "POL"]
[WhiteElo "1510"]
[WhiteRD "71"]
[BlackElo "1425"]
[BlackRD "58"]
[GameID "423778"]

1. d4 d5 2. g3 Nf6 3. Nc3 e6 4. e3 Bb4 5. Bd2 Bxc3 6. Bxc3 Ne4 7. Bg2 O-O 8. Nf3 Nxg3 9. hxg3 Nd7 10. Qd2 c5
11. O-O-O c4 12. Rh2 Nf6 13. Ne5 Nd7 14. f4 Nxe5 15. fxe5 Qg5 16. Qf2 Bd7 17. Rdh1 h6 18. Rh5 Qg6 19. b3 f6 20. Qe1 fxe5
21. dxe5 Rf5 22. Rxf5 Qxf5 23. e4 dxe4 24. Bxe4 Qg4 25. Bxb7 Rb8 26. Rh4 Qg5+ 27. Bd2 Qe7 28. Be4 cxb3 29. axb3 Qa3+ 30. Kd1
1-0

[Event "only under 1800"]
[Site "SchemingMind.com"]
[Date "2018.01.24"]
[Round "-"]
[White "Wojtek26"]
[Black "Goz"]
[Result "0-1"]
[WhiteCountry "POL"]
[BlackCountry "ENG"]
[WhiteElo "1425"]
[WhiteRD "58"]
[BlackElo "1510"]
[BlackRD "71"]
[GameID "423779"]

1. d4 d5 2. c4 c6 3. e3 e6 4. Nf3 dxc4 5. Bxc4 b5 6. Bd3 Be7 7. O-O Nf6 8. Nc3 O-O 9. Bxh7+ Nxh7 10. Ne4 Nd7
11. a3 a5 12. Bd2 Ndf6 13. Nxf6+ Nxf6 14. Qc2 Nh7 15. e4 Qb6 16. b4 a4 17. Ne5 Bb7 18. Nd7 Qc7 19. Nc5 Bxc5 20. dxc5 f6
21. Qa2 Rae8 22. g3 Kh8 23. Bf4 e5 24. Be3 Bc8 25. Rad1 Be6 26. Qb2 Bc4 27. Rfe1 Ng5 28. Bxg5 fxg5 29. Qd2 Qe7
0-1

[Event "only under 1800"]
[Site "SchemingMind.com"]
[Date "2018.01.26"]
[Round "-"]
[White "Goz"]
[Black "Omahony"]
[Result "0-1"]
[WhiteCountry "ENG"]
[BlackCountry "ENG"]
[WhiteElo "1580"]
[WhiteRD "68"]
[BlackElo "1797"]
[BlackRD "68"]
[GameID "423780"]

1. d4 d5 2. e3 Bf5 3. Bd3 Bg6 4. Bxg6 hxg6 5. Nf3 e6 6. O-O Nf6 7. Ne5 Bd6 8. f4 Nbd7 9. Nc3 c6 10. Bd2 Qe7
11. a3 a6 12. Ne2 Ne4 13. b4 O-O 14. Rf3 Ndf6 15. Ng3 a5 16. c3 axb4 17. axb4 Qc7 18. Nxe4 Nxe4 19. Rc1 b5 20. Be1 Ra2
21. Rc2 Rfa8 22. Rxa2 Rxa2 23. h4 Qb7 24. Rh3 Qa6 25. h5 Ra1 26. Qe2 Nxc3 27. Qf2 Be7 28. hxg6 fxg6 29. Nxg6 Bf6 30. Rh8+ Kf7
31. Ne5+ Ke7 32. Qh4 Bxh4 33. Ng6+ Kf7 34. Nxh4 Rxe1+ 35. Kh2 Qa1 36. Rc8 Rh1+ 37. Kg3 Qe1+
0-1

[Event "only under 1800"]
[Site "SchemingMind.com"]
[Date "2018.01.27"]
[Round "-"]
[White "Omahony"]
[Black "Goz"]
[Result "1-0"]
[WhiteCountry "ENG"]
[BlackCountry "ENG"]
[WhiteElo "1792"]
[WhiteRD "69"]
[BlackElo "1510"]
[BlackRD "71"]
[GameID "423781"]

1. d4 d5 2. e3 e6 3. Bd3 Nf6 4. f4 Bb4+ 5. c3 Ba5 6. Nf3 h6 7. O-O Ne4 8. Nbd2 f5 9. Ne5 h5 10. Ndf3 Nd7
11. Qa4 b6 12. Bd2 Bb7 13. b4 O-O 14. bxa5 bxa5 15. Qxd7 Nf6 16. Qxe6+ Kh8 17. Bxf5 Bc8 18. Ng6+ Kh7 19. Nxf8+ Kh6 20. Qe5
1-0

[Event "only under 1800"]
[Site "SchemingMind.com"]
[Date "2018.01.28"]
[Round "-"]
[White "Goz"]
[Black "TheHornedReaper "]
[Result "1-0"]
[WhiteCountry "ENG"]
[BlackCountry "ROU"]
[WhiteElo "1580"]
[WhiteRD "68"]
[BlackElo "1246"]
[BlackRD "49"]
[GameID "423782"]

1. d4 d5 2. e3 c5 3. c3 Nf6 4. Be2 Nc6 5. Nf3 e6 6. O-O cxd4 7. cxd4 Bd6 8. Bd2 O-O 9. Nc3 Bd7 10. Nb5 Qe7
11. a3 a6 12. Nxd6
1-0

[Event "only under 1800"]
[Site "SchemingMind.com"]
[Date "2018.01.28"]
[Round "-"]
[White "TheHornedReaper "]
[Black "Goz"]
[Result "0-1"]
[WhiteCountry "ROU"]
[BlackCountry "ENG"]
[WhiteElo "1246"]
[WhiteRD "49"]
[BlackElo "1580"]
[BlackRD "68"]
[GameID "423783"]

1. e4 e5 2. Nf3 d6 3. d4 Bg4 4. Be2 Bxf3 5. Bxf3 exd4 6. Qxd4 Nc6 7. Qe3 Qd7 8. O-O O-O-O 9. Nc3 a6 10. a3 Kb8
11. Bd2 Nge7
0-1

[Event "only under 1800"]
[Site "SchemingMind.com"]
[Date "2018.01.30"]
[Round "-"]
[White "aliwood"]
[Black "DANDYLIONHONEYBADGER"]
[Result "1-0"]
[WhiteCountry "ENG"]
[BlackCountry "USA"]
[WhiteElo "1341"]
[WhiteRD "67"]
[BlackElo "1309"]
[BlackRD "69"]
[GameID "423920"]

1. Nf3 Nc6 2. c4 d6 3. d4 g6 4. e3 Bh6 5. Nc3 a6 6. Be2 f6 7. O-O e6 8. d5 exd5 9. Nxd5 Nge7 10. Nxf6+ Kf7
11. Nd5 Nxd5 12. cxd5 Ne7 13. e4 Bxc1 14. Qxc1 h6 15. Nd4 Bd7 16. h3 b5 17. Bg4 Bxg4 18. hxg4 h5 19. f3 h4 20. Qf4+ Kg7
21. Ne6+
1-0

[Event "only under 1800"]
[Site "SchemingMind.com"]
[Date "2018.01.30"]
[Round "-"]
[White "DANDYLIONHONEYBADGER"]
[Black "aliwood"]
[Result "1-0"]
[WhiteCountry "USA"]
[BlackCountry "ENG"]
[WhiteElo "1366"]
[WhiteRD "71"]
[BlackElo "1326"]
[BlackRD "65"]
[GameID "423921"]

1. e4 e5 2. Nc3 Nf6 3. h3 c5 4. Nd5 Nxd5 5. exd5 d6 6. c4 Bf5 7. g4 Bg6 8. Nf3 f6 9. h4 Bf7 10. b3 Nd7
11. g5 fxg5 12. hxg5 Bg6 13. d3 Be7 14. Nh4 Bf7 15. Nf5 O-O 16. Nxe7+ Qxe7 17. Bh3 Bg6 18. Be6+ Kh8 19. Qg4 Nb6 20. Rh3 a5
21. f4 Qe8 22. Be3 a4 23. b4 Nc8 24. bxc5 exf4 25. Bxf4 Bf7 26. g6 Bxe6 27. Qh5 Bxh3+ 28. Kd2 h6 29. Bxh6 Rf2+ 30. Kc3 Qe5+
31. Qxe5 dxe5 32. Be3 Rg2 33. d6 Rxg6 34. d7 Ne7 35. Rh1 Rg3 36. Bf2 Rf3 37. Bh4 Nf5 38. d8=Q+ Rxd8 39. Bxd8 g6 40. Bf6+ Kg8
41. Bxe5 Kf7 42. Bc7 Ke7 43. Re1+ Kd7 44. Bb6 Ne7 45. Re4 Bf5 46. Rd4+ Kc8 47. Rd8#
1-0

[Event "only under 1800"]
[Site "SchemingMind.com"]
[Date "2018.01.30"]
[Round "-"]
[White "Phillip Beckett"]
[Black "DANDYLIONHONEYBADGER"]
[Result "1-0"]
[WhiteCountry "ENG"]
[BlackCountry "USA"]
[WhiteElo "1589"]
[WhiteRD "56"]
[BlackElo "1309"]
[BlackRD "69"]
[GameID "423922"]

1. d4 Nf6 2. c4 e6 3. Nc3 c6 4. e4 g6 5. f3 Be7 6. Be3 Na6 7. Qd2 b6 8. g4 h6 9. O-O-O Nb4 10. a3 Na6
11. Bd3 h5 12. g5 Nh7 13. h4 f6 14. Nh3 d6 15. e5 f5 16. Nf4 Bd7 17. Nxg6 Rg8 18. Nf4 Qb8 19. Nh3 Qb7 20. Qe2 c5
21. exd6 Bxd6 22. dxc5 bxc5 23. Bxf5 exf5 24. Bxc5+ Kd8 25. Bxd6 Re8 26. Qd3 Nb8 27. Nb5 Na6 28. Bc7+ Nxc7 29. Qxd7#
1-0

[Event "only under 1800"]
[Site "SchemingMind.com"]
[Date "2018.01.30"]
[Round "-"]
[White "DANDYLIONHONEYBADGER"]
[Black "Phillip Beckett"]
[Result "0-1"]
[WhiteCountry "USA"]
[BlackCountry "ENG"]
[WhiteElo "1352"]
[WhiteRD "79"]
[BlackElo "1643"]
[BlackRD "55"]
[GameID "423923"]

1. e4 e5 2. Nc3 Nf6 3. f3 Be7 4. a3 d6 5. Bb5+ c6 6. Bd3 Nbd7 7. Na4 Nc5 8. Nxc5 dxc5 9. c4 Qxd3 10. b3 Be6
11. Qc2 Qxc2
0-1

[Event "only under 1800"]
[Site "SchemingMind.com"]
[Date "2018.01.30"]
[Round "-"]
[White "Goz"]
[Black "DANDYLIONHONEYBADGER"]
[Result "1/2-1/2"]
[WhiteCountry "ENG"]
[BlackCountry "USA"]
[WhiteElo "1590"]
[WhiteRD "81"]
[BlackElo "1404"]
[BlackRD "70"]
[GameID "423924"]

1. d4 Nf6 2. e3 d5 3. h3 Bd7 4. Bd3 a6 5. Ne2 g5 6. Nd2 Nc6 7. a3 b5 8. b4 Bh6 9. O-O g4 10. Kh2 e5
11. Ng3 gxh3 12. gxh3 e4 13. Be2 Bg5 14. Nh5 Nxh5 15. Bxh5 Be6 16. Rg1 h6 17. f4 Bf6 18. Rg3 Bh4 19. Rg7 Bf6 20. Rg2 Qd7
21. Bg4 Bxg4 22. hxg4 Ne7 23. Qg1 h5 24. g5 Bg7 25. Nb3 Nf5 26. Qf2 h4 27. Nc5 Qc8 28. Bd2 h3 29. Rg4 Nd6 30. Rh4 Rxh4
31. Qxh4 Nc4 32. Bc1 Qf5 33. Qg3 O-O-O 34. a4 bxa4 35. Rxa4 a5 36. b5 Rg8 37. Nb3 Bh6 38. Qxh3 Qxh3+ 39. Kxh3 Rg6 40. gxh6 Rxh6+
41. Kg4 Rg6+ 42. Kf5 Kd7 43. Nc5+ Kc8 44. Ne6 Nd6+ 45. Ke5 fxe6 46. f5 Nxf5 47. Rxa5 Kb7 48. Ra4 Kb6 49. c4 dxc4 50. Rxc4 Nd6
51. Rc6+ Kxb5 52. Rxc7 Ne8 53. Rc5+ Kb6 54. Kxe4 Nd6+ 55. Kd3 Nb7 56. Re5 Nd8 57. d5 Nf7 58. Rxe6+ Rxe6 59. dxe6 Nd6 60. Kd4 Kc7
61. Kd5 Ne8 62. Bb2 Kd8 63. Be5 Ke7 64. e4 Kd8 65. Bf4 Nf6+ 66. Ke5 Nh5 67. Bg5+ Ke8 68. Kd6 Ng3 69. Ke5 Ne2 70. Bf6 Ng1
71. Bg7 Nf3+ 72. Kf6 Nd2 73. e5 Ne4+ 74. Kf5 Ng3+ 75. Kg4 Ne2 76. Bf6 Nd4 77. e7 Nc6= 78. e6 Nb4 79. Kf5 Nd5 80. Ke5 Ne3
81. Bg7 Kxe7 82. Ke4 Nc4 83. Kd4=
1/2-1/2

[Event "only under 1800"]
[Site "SchemingMind.com"]
[Date "2018.01.30"]
[Round "-"]
[White "DANDYLIONHONEYBADGER"]
[Black "Goz"]
[Result "0-1"]
[WhiteCountry "USA"]
[BlackCountry "ENG"]
[WhiteElo "1309"]
[WhiteRD "69"]
[BlackElo "1601"]
[BlackRD "72"]
[GameID "423925"]

1. e4 e5 2. Nc3 a6 3. Bd3 Nf6 4. Nf3 d6 5. h3 b5 6. Nd5 Nxd5 7. g3 Nb4 8. a3 Nxd3+ 9. cxd3 Be7 10. h4 Bg4
11. h5 Bg5 12. b4 O-O 13. O-O Qf6 14. Qc2 c6 15. Nxg5 Qxg5 16. f3 Bh3 17. Rf2 Qxg3+
0-1

[Event "only under 1800"]
[Site "SchemingMind.com"]
[Date "2018.01.30"]
[Round "-"]
[White "Scooter"]
[Black "DANDYLIONHONEYBADGER"]
[Result "1-0"]
[WhiteCountry "USA"]
[BlackCountry "USA"]
[WhiteElo "1758"]
[WhiteRD "59"]
[BlackElo "1309"]
[BlackRD "69"]
[GameID "423926"]

1. d4 Nf6 2. Nf3 Nc6 3. Bf4 d6 4. e3 Bd7 5. Be2 a6 6. O-O e5 7. dxe5 dxe5 8. Bg5 h6 9. Bxf6 gxf6 10. a3 e4
11. Nd4 Nxd4 12. exd4 c6 13. Nd2 f5 14. c4 c5 15. d5 b5 16. b3 Be7 17. Bh5 Rf8 18. Re1 Qc7 19. f3 exf3 20. Nxf3 O-O-O
21. Rxe7 Kb7 22. Rxf7 Rxf7 23. Bxf7 Rf8 24. d6 Qd8 25. Bd5+ Bc6 26. Bxc6+ Kxc6 27. Qd5+ Kb6 28. Ne5 f4 29. Qc6+ Ka7 30. Qxc5+ Kb7
31. Nc6 Qc8 32. Na5+ Kb8 33. Qxc8+ Kxc8 34. c5 Rg8 35. c6 f3 36. g3 h5 37. Re1 Rf8 38. d7+ Kd8 39. Nb7+
1-0